| 000 | 00389nam a2200145Ia 4500 | ||
|---|---|---|---|
| 008 | 220217s9999||||xx |||||||||||||| ||und|| | ||
| 020 | _a9788126556755 | ||
| 082 | _a621.381 5 | ||
| 100 |
_aSze, Simon and Lee, Ming Kwei _910407 |
||
| 245 | 0 | _aSemiconductor devices | |
| 250 | _a3 | ||
| 260 |
_aWiley india _bNew Delhi _c2018 |
||
| 300 |
_aIX, 582p. _b759 |
||
| 650 |
_aCircuits _913052 |
||
| 999 |
_c188900 _d188900 |
||